000 00802nab a2200253 u 4500
001 07247
003 HDC
007 cr bn ---aaaaa
008 210127c mydr|nes 0 a may d
040 _aHDC
245 0 _aBimbing usahawan tembusi pasaran luar /
260 _aKuala Lumpur :
_bUTUSAN MALAYSIA,
_c2017
300 _apage 18
336 _atext
_2rdacontent
337 _acomputer
_2rdamedia
338 _aonline resource
_2rdacarrier
650 _aEconomy
_91877
650 _aEntrepreneur Industry
_97739
650 _aManufacturing industry
_97738
856 _zRequest full-text at [email protected]
942 _2lcc
942 _cNEWS
942 _kNWSC 001109
999 _c4571
_d4571